000 00499nam a2200133Ia 4500
008 220620s9999||||xx |||||||||||||| ||und||
022 _a18670067
100 _aBurger, Erik
245 0 _aFlexible Views for View-based Model-driven Development
546 _aEnglish[eng]
650 _aView-based Engineering||Modellgetriebene Software-Entwicklung||ModelJoin||Model-Driven Software Development||Sichtenbasierte Entwicklung||Vitruvius
856 _uhttps://www.ksp.kit.edu/9783731502760
942 _cEB
999 _c28145
_d28145